England World Cup 2022 Goalscorers - Statistics

General Stats
  • This quiz has been taken 32 times
  • The average score is 6 of 8
Answer Stats
# of Goals Answer % Correct
2 Harry Kane
100%
3 Bukayo Saka
89%
3 Marcus Rashford
89%
1 Raheem Sterling
81%
1 Jude Bellingham
78%
1 Phil Foden
70%
1 Jack Grealish
67%
1 Jordan Henderson
56%
No matching quizzes found
Score Distribution
Percent of People with Each Score
Percentile by Number Answered
Your Score History
You have not taken this quiz